| 000 | 00385nam a2200169Ia 4500 | ||
|---|---|---|---|
| 008 | 230524s9999 xx 000 0 und d | ||
| 020 | _a8120301455 | ||
| 082 |
_a4.133 _bDEO |
||
| 100 | _aNarsingh Deo | ||
| 245 | 0 | _aGraph Theory | |
| 250 | _a1ST | ||
| 260 |
_aNEW DELHI _bPHI _c2003 |
||
| 300 | _aXIV;463 | ||
| 500 | _aQuantity Number: 53 | ||
| 650 | _aMathematics | ||
| 942 | _cBK | ||
| 999 |
_c14066 _d14066 |
||